000 00368nam a2200145Ia 4500
003 OSt
005 20240329115120.0
008 170523s9999 xx 000 0 und d
020 _a978-0471603634
040 _cIIMT UNIVERSITY MEERUT
100 _aLudeman- Lonnie C.
245 0 _aFundamentals of Digital Signal Processing
260 _aWiley India
942 _2ddc
_c02
999 _c12415
_d12415